| 000 | 00809nam a22002537a 4500 | ||
|---|---|---|---|
| 005 | 20150126084617.0 | ||
| 008 | 140905|2002 xxu||||| |||| 00| 0 gw eng d | ||
| 020 | _a3980758982 | ||
| 040 |
_aCO-BoIAVH _cCO-BoIAVH |
||
| 041 | _aeng | ||
| 044 | _agx | ||
| 082 |
_a333.7 _bG72c |
||
| 100 |
_aGrabi, Harmut _926441 |
||
| 245 |
_aCharging the Use of Global Commons _cHartmut, Grabi...(et al.) |
||
| 260 |
_aBerlín _bGerman Advisory Council on Global Change-(WBGU) _c2002 |
||
| 300 |
_a48 p. _bTablas _c28 cm. |
||
| 504 | _aIncluye referencias bibliográficas (pag 45-48) | ||
| 650 |
_aRecursos Naturales _932082 |
||
| 650 |
_aPolítica Ambiental _932083 |
||
| 650 |
_aEconomía Ambiental _932084 |
||
| 700 |
_aKokott, Juliane _926445 |
||
| 700 |
_aKulessa, Margareta _926446 |
||
| 942 |
_2ddc _cLIBRO |
||
| 999 |
_c8671 _d8671 |
||